| 000 | 00326nam a2200133Ia 4500 | ||
|---|---|---|---|
| 005 | 20260326100038.0 | ||
| 008 | 260326s9999||||xx |||||||||||||| ||und|| | ||
| 100 | _aHerrera, Hayden | ||
| 245 | 0 |
_aFrida : _b Una biografĂa de Frida Kahlo / _cHayden Herrera |
|
| 260 | _bDiana | ||
| 300 | _a440 p. | ||
| 650 | _aARTE | ||
| 942 | _cBK | ||
| 999 |
_c6887 _d6887 |
||